00936cam a22002414a 4500999001500000001000600015003000900021005001700030008004100047040003300088082002400121245007400145250001200219260003900231300003000270500002000300650002900320710002900349906004500378942001200423952013700435952012200572 c1081d108114223BD-DhUAP20200202151901.0200202s2007 bg l 001 0 eng d aDLCcBD-DhUAPdBD-DhUAPbEng 223a347.5491077 COU14aThe Court-fees Act (VII of 1870) & Suits Valuation Act (VII of 1887). a4th ed. aDhaka :bDhaka Law Reports,c2007. a[12], 172 pages ;c25 cm. aIncludes index. 0aCosts (Law)zBangladesh.2 aDhaka Law Reports (DLR). a7bcbccorigoded2encipf20gy-gencatlg 2ddccBK 00102ddc4070aUAPCLbUAPCLcGeneral Stacksd2020-02-02l1o347.5491077 COUp3010014223r2025-05-12s2025-04-21t1w2020-02-02yBK 00102ddc4070aUAPCLbUAPCLcGeneral Stacksd2020-02-02o347.5491077 COUp3010014224r2020-02-02t2w2020-02-02yBK